Education as a precondition for workforce flexibility in the European market area

Vzdelávanie ako prevencia nezamestnanosti. Úloha pracovnej sily na trhu práce vzhľadom na vzdelávanie. Nezamestnanosť absolventov univerzít podľa študijných odborov v Slovenskej republike.

Enregistré dans:
Détails bibliographiques
Auteur principal: Martincová, Marta, 1955-
Format: Chapitre de livre
Langue:anglais
Sujets:
Tags: Ajouter un tag
Pas de tags, Soyez le premier à ajouter un tag!

MARC

LEADER 00000naa$a2200000$$$4500
001 0143089
005 20240502083331.3
041 0 |a eng 
044 |a PL 
245 1 0 |a Education as a precondition for workforce flexibility in the European market area  |c Marta Martincová 
520 |a Vzdelávanie ako prevencia nezamestnanosti. Úloha pracovnej sily na trhu práce vzhľadom na vzdelávanie. Nezamestnanosť absolventov univerzít podľa študijných odborov v Slovenskej republike. 
610 2 0 |a nezamestnanosť 
610 2 0 |a absolventi 
610 2 0 |a vzdelávanie 
610 2 0 |a trh práce 
610 2 0 |a flexibilita 
610 2 0 |a Slovensko 
610 2 0 |a Európska únia 
100 1 |a Martincová, Marta, 1955-